00566nam a2200181 a 45000010005000000030008000050050017000130080039000300350014000690400023000830410008001060820043001142450066001572600051002233000028002746500042003027100040003445033BD-RjUL20211208234010.0131224s1952 pk 000 0 eng a(BD-RjUL) aDLCcDLCdDLCbeng aeng00a348.5491041a345.4910841219bPLD 195200aP.L.D. digest :bcivil, criminal, revenue, 1947 to May 1952 / aLahore :bAll Pakistan Legal Decisions,c1952. aiv, 2, 337 p. ;c25 cm. 0aLaw reports, digests, etc.zPakistan.2 aAll Pakistan Legal Decisions (Firm)